| 000 | 00665cam a22002173a 4500 | ||
|---|---|---|---|
| 001 | 39786 | ||
| 003 | PGUSA | ||
| 005 | 20140828083903.0 | ||
| 008 | 120524s2012||||xxu|||||s|||||000 | eng d | ||
| 040 |
_aPGUSA _beng |
||
| 042 | _adc | ||
| 100 | 1 |
_aOrczy, Emmuska Orczy, Baroness, _d1865-1947 |
|
| 245 | 1 | 0 |
_aBeau Brocade : _bA Romance _h[electronic resource] / _cEmmuska Orczy, Baroness Orczy |
| 260 |
_bProject Gutenberg, _c2012 |
||
| 506 | _aPublic domain in the USA. | ||
| 516 | _aElectronic text | ||
| 700 | 1 |
_aBrock, H. M. _q(Henry Matthew), _d1875-1960 |
|
| 830 | 0 |
_aProject Gutenberg _v39786 |
|
| 856 | 4 | 0 | _uhttp://www.gutenberg.org/ebooks/39786 |
| 942 | _cEB | ||
| 999 |
_c269039 _d269039 |
||